000 01639cam a22003731i 4500
003 SA-RiAUC
005 20250720064001.0
008 250719s1988 iq g b f00000 ara c
040 _aSA-RiKSU
_bara
_cSA-RiAUC
_erda
041 1 _aara
_hund
050 1 4 _b.S37 T5312 1988
082 0 4 _a001.4
_qSA-RiAUC
090 _a001.4
_bا ط ر
245 0 2 _aالأطروحة والكتاب :
_bمجموعة دراسات تحليلية مقارنة /
_cجمع وتنسيق إيليا نور هارمن، إيان مونتين ؛ ترجمة واثق عباس الدايني ؛ مراجعة صائب أمين أحمد.
250 _aالطبعة الأولى.
264 1 _aبغداد :
_bوزارة الثقافة والإعلام، دار الشؤون الثقافية العامة،
_c1988
300 _a171 صفحة ؛
_c23 سم.
336 _aنص
_btxt
_2rdacontent
_3كتاب
337 _aبدون وسيط
_bn
_2rdamedia
338 _aمجلد
_bnc
_2rdacarrier
490 1 _aسلسلة المائة كتاب
504 _aيشتمل على إرجاعات ببليوجرافية.
650 7 _aالبحث
_2aucsh
650 7 _aالتأليف
_2aucsh
650 7 _aالكتابة
_2aucsh
650 7 _aالرسائل الجامعية
_2aucsh
700 1 _aهارمن، إيليا نور
_eجامع.
700 1 _aمونتين، إيان
_eجامع.
700 1 _aالدايني، واثق عباس
_eمترجم.
700 1 _aأمين، صائب
_eمراجع.
830 0 _aالمائة كتاب (دار الشؤون الثقافية العامة)
942 _2ddc
_cBOOK
_n0
949 _aSA-JeALM
_d250719
_umohamedma123
_n1
999 _c10130
_d10130